[Event "Central Serbia 1st league"]
[Site "?"]
[Date "2007.??.??"]
[Round "7.2"]
[White "Kojovic, Dragan"]
[Black "Markovic, Zoran S"]
[Result "0-1"]
[WhiteElo "2407"]
[BlackElo "2379"]
[PlyCount "60"]
[EventDate "2007.09.15"]

1. e4 c5 2. Nf3 Nc6 3. d4 cxd4 4. Nxd4 Nf6 5. Nc3 e5 6. Ndb5 d6 7. Bg5 a6 8.
Na3 b5 9. Nd5 Qa5+ 10. Bd2 Qd8 11. Bg5 Qa5+ 12. Bd2 Qd8 13. Bd3 Nxd5 14. exd5
Ne7 15. c4 g6 16. O-O Bg7 17. cxb5 O-O 18. Bb4 Bb7 19. bxa6 Bxa6 20. Bxa6 Rxa6
21. Nc4 f5 22. a4 f4 23. Ra3 Qc7 24. Qd3 f3 25. gxf3 Qd7 26. Nd2 Qb7 27. Bc3
Nxd5 28. Qe4 Qf7 29. Rd1 Nxc3 30. Rxc3 d5 0-1

[Event "Central Serbia 1st league"]
[Site "?"]
[Date "2007.??.??"]
[Round "7.2"]
[White "Organdziev, Oliver"]
[Black "Solomunovic, Igor"]
[Result "1/2-1/2"]
[WhiteElo "2258"]
[BlackElo "2396"]
[PlyCount "73"]
[EventDate "2007.09.15"]

1. e4 c5 2. Nf3 g6 3. d4 Bg7 4. dxc5 Qa5+ 5. Bd2 Qxc5 6. Nc3 Nf6 7. Bd3 O-O 8.
h3 d5 9. O-O dxe4 10. Nxe4 Nxe4 11. Bxe4 Nc6 12. c3 e5 13. Be3 Qe7 14. b4 Rd8
15. Qa4 Qc7 16. Rfd1 Bd7 17. Qc2 h6 18. g4 Be6 19. a3 Ne7 20. Nh4 Nd5 21. Bd2
Nf4 22. Kh2 Bc4 23. Bxf4 exf4 24. Nf3 Rac8 25. Rac1 Rxd1 26. Qxd1 Be6 27. Nd4
f3+ 28. Kg1 Qf4 29. Nxe6 Qxe4 30. Nxg7 Kxg7 31. Qd2 Rc4 32. Re1 Qc6 33. Qd8 Re4
34. Re3 Rxe3 35. Qd4+ Kh7 36. Qxe3 a6 37. c4 1/2-1/2

[Event "Central Serbia 1st league"]
[Site "?"]
[Date "2007.??.??"]
[Round "7.2"]
[White "Rabrenovic, Vladan"]
[Black "Panic, Nenad"]
[Result "1-0"]
[WhiteElo "2312"]
[BlackElo "2361"]
[PlyCount "99"]
[EventDate "2007.09.15"]

1. d4 Nf6 2. c4 e6 3. Nf3 b6 4. a3 Bb7 5. Nc3 d5 6. Bg5 Be7 7. Bxf6 Bxf6 8.
cxd5 exd5 9. Qa4+ c6 10. g3 O-O 11. Bh3 c5 12. O-O a6 13. Rad1 c4 14. Qc2 Re8
15. Rfe1 Nd7 16. e4 dxe4 17. Nxe4 Rxe4 18. Rxe4 Bxe4 19. Qxe4 Ra7 20. Qe2 b5
21. d5 Nc5 22. d6 Nd3 23. d7 g6 24. b3 Rc7 25. bxc4 bxc4 26. Qe4 Kg7 27. Nd4
Qb8 28. Qe8 Qd8 29. Qxd8 Bxd8 30. Rb1 f5 31. Ne6+ Kf6 32. Nxc7 Bxc7 33. Bf1 Ne5
34. Rc1 Ke7 35. Bxc4 Kxd7 36. Bxa6 Bb6 37. Be2 g5 38. Kg2 f4 39. gxf4 gxf4 40.
Rb1 Kc7 41. a4 Nc6 42. Bd3 h6 43. Rb5 Bd4 44. Be4 Ne5 45. h3 Kc8 46. a5 Nf7 47.
a6 Ng5 48. Bd5 Nh7 49. Rb7 Nf6 50. Be6+ 1-0

[Event "Central Serbia 1st league"]
[Site "?"]
[Date "2007.??.??"]
[Round "7.2"]
[White "Jovic, Stanoje"]
[Black "Irizanin, Radoje"]
[Result "1/2-1/2"]
[WhiteElo "2295"]
[BlackElo "2325"]
[PlyCount "115"]
[EventDate "2007.09.15"]

1. c4 c5 2. Nf3 Nc6 3. g3 g6 4. Bg2 Bg7 5. O-O e5 6. Ne1 Nge7 7. Nc3 O-O 8. Nc2
a6 9. Rb1 b5 10. b4 cxb4 11. cxb5 bxc3 12. bxc6 dxc6 13. dxc3 Ra7 14. Qxd8 Rxd8
15. Be3 Ra8 16. Nb4 Bf5 17. Rbc1 e4 18. Bg5 f6 19. Be3 a5 20. Nc2 Nd5 21. c4
Nc3 22. Nd4 Nxa2 23. Ra1 Nc3 24. Nxf5 Nxe2+ 25. Kh1 gxf5 26. Bb6 Re8 27. Rxa5
Rxa5 28. Bxa5 f4 29. Rd1 f5 30. Bb6 Bd4 31. Bxd4 Rd8 32. gxf4 Rxd4 33. Rxd4
Nxd4 34. Bf1 Kf7 35. Kg2 Ne6 36. Kg3 h6 37. Be2 Ke7 38. Bd1 Kd6 39. Bc2 Kc5 40.
Bb1 Nd4 41. Kh4 Kxc4 42. Kh5 Kc3 43. Kxh6 Kb2 44. Kg6 Kxb1 45. h4 c5 46. h5 c4
47. h6 c3 48. h7 c2 49. h8=Q c1=Q 50. Qxd4 Qxf4 51. Qd1+ Kb2 52. Qd4+ Kc2 53.
Qc5+ Kd2 54. Qxf5 Qf3 55. Kf6 Ke2 56. Ke5 Qxf5+ 57. Kxf5 Kxf2 58. Kxe4 1/2-1/2

[Event "Central Serbia 1st league"]
[Site "?"]
[Date "2007.??.??"]
[Round "7.2"]
[White "Mirkovic, Stevan"]
[Black "Zivkovic, Momcilo"]
[Result "1/2-1/2"]
[WhiteElo "2226"]
[BlackElo "2147"]
[PlyCount "77"]
[EventDate "2007.09.15"]

1. Nf3 d5 2. d4 Nf6 3. c4 c6 4. Nc3 dxc4 5. a4 Bf5 6. Nh4 Bg6 7. Nxg6 hxg6 8.
e4 e6 9. Bxc4 Bb4 10. e5 Nd5 11. Qd3 Nd7 12. O-O Qh4 13. h3 Nf4 14. Qf3 g5 15.
Ne4 Be7 16. a5 a6 17. b3 Nd5 18. Ra4 f5 19. exf6 gxf6 20. Re1 O-O-O 21. Nc5
Bxc5 22. dxc5 g4 23. Qxg4 Qxg4 24. hxg4 Nxc5 25. Ra1 Rdg8 26. Ba3 Nd7 27. Rxe6
Nf4 28. Re7 Rxg4 29. g3 Ne5 30. Be6+ Nxe6 31. Rxe6 Rg6 32. Rd1 Rgh6 33. Kf1
Rh1+ 34. Ke2 Rxd1 35. Kxd1 Rh1+ 36. Ke2 Ng4 37. f3 Rh2+ 38. Kd3 Ne5+ 39. Ke3
1/2-1/2

[Event "Central Serbia 1st league"]
[Site "?"]
[Date "2007.??.??"]
[Round "7.3"]
[White "Ristic, Nenad"]
[Black "Stojanovic, Dalibor"]
[Result "1/2-1/2"]
[WhiteElo "2435"]
[BlackElo "2503"]
[PlyCount "47"]
[EventDate "2007.09.15"]

1. e4 c5 2. Nf3 d6 3. Bb5+ Nc6 4. O-O Bd7 5. c3 a6 6. Bxc6 Bxc6 7. Re1 e5 8. d4
Qc7 9. b4 c4 10. a4 b5 11. Na3 Rb8 12. d5 Bd7 13. axb5 axb5 14. Be3 Nf6 15. Nd2
Ng4 16. Nc2 Nxe3 17. Nxe3 g6 18. Ra6 Be7 19. Qe2 O-O 20. Rea1 Rb6 21. Ra7 Rb7
22. R7a6 Rb6 23. Ra7 Rb7 24. R7a6 1/2-1/2

[Event "Central Serbia 1st league"]
[Site "?"]
[Date "2007.??.??"]
[Round "7.3"]
[White "Bogosavljevic, Boban"]
[Black "Ristic, Nebojsa M"]
[Result "1-0"]
[WhiteElo "2491"]
[BlackElo "2371"]
[PlyCount "69"]
[EventDate "2007.09.15"]

1. Nf3 Nf6 2. c4 g6 3. g3 Bg7 4. Bg2 O-O 5. O-O d6 6. d4 c6 7. Nc3 Qa5 8. e4
Bg4 9. h3 Bxf3 10. Bxf3 e5 11. d5 cxd5 12. cxd5 Nbd7 13. Bd2 Rfc8 14. a4 Qd8
15. a5 a6 16. b4 b6 17. Qe2 b5 18. Rac1 Qf8 19. Nb1 Bh6 20. Rc6 Bxd2 21. Qxd2
Nb8 22. Rc3 Nbd7 23. Rfc1 h5 24. h4 Rd8 25. Bg2 Rac8 26. f3 Nb8 27. Bh3 Rxc3
28. Rxc3 Qe7 29. Qe3 Qb7 30. Qb6 Qxb6+ 31. axb6 Kf8 32. Nd2 Nbd7 33. b7 Rb8 34.
Rc8+ Ke7 35. Nb3 1-0

[Event "Central Serbia 1st league"]
[Site "?"]
[Date "2007.??.??"]
[Round "7.3"]
[White "Djoric, Dusan"]
[Black "Marjanovic, Slavoljub"]
[Result "1/2-1/2"]
[WhiteElo "2308"]
[BlackElo "2480"]
[PlyCount "30"]
[EventDate "2007.09.15"]

1. d4 d5 2. c4 e6 3. Nc3 c5 4. cxd5 exd5 5. Nf3 Nc6 6. g3 Nf6 7. Bg2 Be7 8. O-O
O-O 9. Bg5 cxd4 10. Nxd4 h6 11. Be3 Bg4 12. h3 Be6 13. Rc1 Qd7 14. Nxe6 fxe6
15. Na4 Bd6 1/2-1/2

[Event "Central Serbia 1st league"]
[Site "?"]
[Date "2007.??.??"]
[Round "7.3"]
[White "Miljkovic, Miroslav"]
[Black "Stankovic, Dragan P"]
[Result "1/2-1/2"]
[WhiteElo "2405"]
[BlackElo "2315"]
[PlyCount "54"]
[EventDate "2007.09.15"]

1. d4 Nf6 2. c4 g6 3. Nc3 d5 4. cxd5 Nxd5 5. e4 Nxc3 6. bxc3 Bg7 7. Bc4 c5 8.
Ne2 Nc6 9. Be3 O-O 10. O-O Qc7 11. Rc1 Rd8 12. Bf4 Qd7 13. dxc5 Qe8 14. Bd5 Bd7
15. Qd3 Rac8 16. Qg3 Ra8 17. Rfd1 Rdc8 18. Bc7 b6 19. cxb6 axb6 20. Bxb6 e6 21.
Bb3 Na5 22. Bd4 e5 23. Be3 Bb5 24. c4 Bxc4 25. Bxc4 Nxc4 26. Nc3 Nb2 27. Rd5
Ra3 1/2-1/2

[Event "Central Serbia 1st league"]
[Site "?"]
[Date "2007.??.??"]
[Round "7.3"]
[White "Milosevic, Slavisa"]
[Black "Perunovic, Miodrag"]
[Result "0-1"]
[WhiteElo "2272"]
[BlackElo "2368"]
[PlyCount "70"]
[EventDate "2007.09.15"]

1. e4 c6 2. Nc3 d5 3. Nf3 Bg4 4. h3 Bh5 5. exd5 cxd5 6. Bb5+ Nc6 7. g4 Bg6 8.
Ne5 Rc8 9. h4 f6 10. Nxg6 hxg6 11. d4 e6 12. Bd3 Nge7 13. Be3 Kf7 14. h5 gxh5
15. gxh5 Qb6 16. Na4 Qa5+ 17. c3 Nf5 18. Bxf5 exf5 19. b4 Bxb4 20. cxb4 Nxb4
21. Kf1 Nc2 22. Nc5 Nxa1 23. Qxa1 Qb5+ 24. Kg2 b6 25. Nb3 Qe2 26. Qd1 Qxd1 27.
Rxd1 Rxh5 28. a4 g5 29. a5 Rch8 30. axb6 axb6 31. Rc1 Rh2+ 32. Kf3 R8h3+ 33.
Ke2 f4 34. Bxf4 gxf4 35. Nd2 Re3+ 0-1

[Event "Central Serbia 1st league"]
[Site "?"]
[Date "2007.??.??"]
[Round "7.3"]
[White "Maksimovic, Branimir"]
[Black "Jokovic, Dragan"]
[Result "1-0"]
[WhiteElo "2362"]
[BlackElo "2164"]
[PlyCount "113"]
[EventDate "2007.09.15"]

1. d4 c5 2. d5 d6 3. Nc3 Nf6 4. e4 a6 5. a4 g6 6. Be2 Bg7 7. Nf3 O-O 8. O-O
Nbd7 9. Nd2 Ne8 10. Nc4 b6 11. Bg5 Ne5 12. Ne3 f6 13. Bh4 Nc7 14. f4 Nf7 15.
Nc4 Rb8 16. Bg3 Bd7 17. a5 b5 18. Nb6 Be8 19. b4 Na8 20. Nxa8 Rxa8 21. Na2 c4
22. Nc3 Bd7 23. Qd2 f5 24. Bf3 fxe4 25. Bxe4 Nh6 26. Rae1 Rc8 27. Bf2 Ng4 28.
Bb6 Qe8 29. h3 Nf6 30. Bf3 h5 31. Ne2 c3 32. Nxc3 Bf5 33. Ne2 Rxc2 34. Qd1 Rc4
35. Nd4 Nd7 36. Nc6 Bf6 37. Bd4 Rf7 38. Be2 Bxd4+ 39. Nxd4 Rxb4 40. Qd2 Ra4 41.
g4 hxg4 42. hxg4 Be4 43. Bd1 Rc4 44. Rxe4 Nf6 45. Re6 Qc8 46. Be2 Rc3 47. Bf3
Qc5 48. Re3 Rc4 49. Ne6 Qc8 50. Qd3 Ne8 51. Qxg6+ Ng7 52. Be4 Rxe4 53. Rxe4 Qc3
54. Re2 Qg3+ 55. Rg2 Qe3+ 56. Kh2 b4 57. Ng5 1-0

[Event "Central Serbia 1st league"]
[Site "?"]
[Date "2007.??.??"]
[Round "7.4"]
[White "Savicevic, Vlatko"]
[Black "Ilincic, Zlatko"]
[Result "0-1"]
[WhiteElo "2326"]
[BlackElo "2509"]
[PlyCount "96"]
[EventDate "2007.09.15"]

1. e4 e5 2. Nf3 Nf6 3. Nxe5 d6 4. Nf3 Nxe4 5. d4 d5 6. Bd3 Nd6 7. Nc3 c6 8. O-O
Nd7 9. Bf4 Be7 10. Qe2 Nf8 11. Rae1 Ne6 12. Be5 O-O 13. Nb1 Re8 14. c3 g6 15.
Qc2 Ng7 16. Nbd2 Bf5 17. Re2 Bf8 18. Rfe1 Ne6 19. h3 Bh6 20. Bxf5 Nxf5 21. Qb3
f6 22. Bh2 Qd7 23. a4 Re7 24. Qc2 Rae8 25. Kf1 b6 26. b4 c5 27. bxc5 bxc5 28.
g4 Nfg7 29. dxc5 Nxc5 30. Rxe7 Rxe7 31. Rxe7 Qxe7 32. Qa2 Qd7 33. a5 Nge6 34.
Kg2 Bf4 35. Bg3 Kg7 36. Qb1 Kf7 37. Qb4 Nd3 38. Qb1 Nec5 39. Nf1 Bxg3 40. fxg3
Qe6 41. Qd1 Qe4 42. Kg1 Na4 43. N3d2 Nxc3 44. Nxe4 Nxd1 45. Nd6+ Ke7 46. Nc8+
Kd7 47. Nxa7 Nc3 48. Ne3 Nb4 0-1

[Event "Central Serbia 1st league"]
[Site "?"]
[Date "2007.??.??"]
[Round "7.4"]
[White "Pap, Misa"]
[Black "Simic, Dragisa"]
[Result "1/2-1/2"]
[WhiteElo "2493"]
[BlackElo "2333"]
[PlyCount "123"]
[EventDate "2007.09.15"]

1. e4 e6 2. d4 d5 3. exd5 exd5 4. c4 Nf6 5. Nc3 Be7 6. Bd3 Be6 7. cxd5 Nxd5 8.
Nge2 O-O 9. O-O Nd7 10. Re1 N7f6 11. Bg5 c6 12. Rc1 Qd7 13. Ng3 Rad8 14. Bb1
Rfe8 15. h3 h6 16. Bd2 Nb6 17. Qc2 Qxd4 18. Be3 Qh4 19. Nf5 Bxf5 20. Qxf5 Qh5
21. Qc2 Bc5 22. Bf4 Bd4 23. Bc7 Rc8 24. Bg3 g6 25. Ne2 Be5 26. Nf4 Qg5 27. h4
Qg4 28. Rxe5 Rxe5 29. Qc3 Rce8 30. Nxg6 Nbd5 31. Nxe5 Nxc3 32. Nxg4 Ne2+ 33.
Kf1 Nxg3+ 34. fxg3 Nxg4 35. Bd3 Re3 36. Bf5 h5 37. Bxg4 hxg4 38. Rc4 Rxg3 39.
Kf2 Rd3 40. Rxg4+ Kf8 41. Ke2 Rd5 42. Rf4 Ra5 43. a4 Rc5 44. Kd3 Rc1 45. g4 b5
46. Kd2 Rc5 47. axb5 cxb5 48. b4 Rc8 49. g5 Kg7 50. Kd3 a5 51. bxa5 Ra8 52. Ke3
Rxa5 53. Kf3 Ra3+ 54. Kg4 Ra4 55. h5 Rxf4+ 56. Kxf4 f6 57. g6 b4 58. Kf5 b3 59.
h6+ Kxh6 60. Kxf6 b2 61. g7 b1=Q 62. g8=Q 1/2-1/2

[Event "Central Serbia 1st league"]
[Site "?"]
[Date "2007.??.??"]
[Round "7.4"]
[White "Pavlovic, Nebojsa"]
[Black "Milanovic, Danilo"]
[Result "0-1"]
[WhiteElo "2337"]
[BlackElo "2495"]
[PlyCount "106"]
[EventDate "2007.09.15"]

1. e4 c5 2. Nf3 Nc6 3. d4 cxd4 4. Nxd4 Nf6 5. Nc3 e5 6. Ndb5 d6 7. Bg5 a6 8.
Na3 b5 9. Nd5 Be7 10. Bxf6 Bxf6 11. c3 Bb7 12. Nc2 Nb8 13. Nce3 Nd7 14. Nf5 O-O
15. Nxd6 Bxd5 16. Qxd5 Qc7 17. Nf5 Nc5 18. Qd6 Qa7 19. Qd2 Nxe4 20. Qe3 Nc5 21.
Be2 Rfd8 22. O-O Na4 23. Qc1 Qd7 24. Ng3 Qd2 25. Bf3 Rab8 26. Rb1 Be7 27. Rd1
Qxc1 28. Rdxc1 g6 29. b3 Nc5 30. Rd1 Nd3 31. Be2 Nf4 32. Kf1 Rdc8 33. Rbc1 Rc7
34. Ne4 f5 35. Nd2 Rbc8 36. Nb1 Kf7 37. g3 Nxe2 38. Kxe2 Bg5 39. Rc2 Ke6 40. f3
h5 41. h3 h4 42. g4 Bf4 43. Kf1 Rc6 44. Rd3 Rf8 45. Ke2 e4 46. gxf5+ gxf5 47.
fxe4 fxe4 48. Rd4 Ke5 49. Nd2 Bxd2 50. Kxd2 Rf2+ 51. Kc1 e3 52. Kd1 Rxc3 53.
Rxc3 Kxd4 0-1

[Event "Central Serbia 1st league"]
[Site "?"]
[Date "2007.??.??"]
[Round "7.4"]
[White "Nikolic, Zivoslav"]
[Black "Adzic, Momcilo"]
[Result "1-0"]
[WhiteElo "2417"]
[BlackElo "2248"]
[PlyCount "88"]
[EventDate "2007.09.15"]

1. Nf3 Nf6 2. g3 g6 3. b3 Bg7 4. Bb2 O-O 5. Bg2 c5 6. O-O Nc6 7. c4 d6 8. d4
cxd4 9. Nxd4 Bd7 10. Nc2 Qa5 11. Nc3 Qh5 12. e3 Bg4 13. f3 Bh3 14. Bxh3 Qxh3
15. Qe2 Rfd8 16. Rad1 Nd7 17. Nd4 Rac8 18. Nd5 Re8 19. Nb5 Nde5 20. Nf4 Qh6 21.
Nd4 Nd7 22. Ng2 Bf6 23. Nxc6 Rxc6 24. Bxf6 Nxf6 25. Nf4 Nd7 26. Nd5 Qh5 27. h4
Qe5 28. Kh2 Rc5 29. Rd4 Qg7 30. Rfd1 Ne5 31. Nf4 Qf6 32. Kg2 Rcc8 33. R4d2 h5
34. e4 b6 35. Nh3 Rc5 36. Nf2 Rcc8 37. f4 Nc6 38. Nh3 Nd8 39. Ng5 Nb7 40. f5
Nd8 41. Rg1 Qg7 42. Nh3 Nc6 43. Nf4 Nd8 44. Nd5 Kh8 1-0

[Event "Central Serbia 1st league"]
[Site "?"]
[Date "2007.??.??"]
[Round "7.4"]
[White "Skakic, Zeljko"]
[Black "Draskovic, Dragan"]
[Result "0-1"]
[WhiteElo "2211"]
[BlackElo "2154"]
[PlyCount "83"]
[EventDate "2007.09.15"]

1. d4 e6 2. c4 d5 3. Nc3 c6 4. cxd5 cxd5 5. Bf4 Nc6 6. e3 Bb4 7. Bd3 a6 8. Rc1
Nf6 9. Nge2 O-O 10. O-O Nh5 11. a3 Nxf4 12. Nxf4 Bd6 13. Na4 f5 14. Nc5 Qe8 15.
Be2 g5 16. Nfd3 Kh8 17. f4 Rg8 18. Ne5 Nxe5 19. dxe5 Bxc5 20. Rxc5 Bd7 21. Qd4
Bc6 22. Rfc1 Rg7 23. b4 gxf4 24. exf4 Qg6 25. Bf3 Rag8 26. Ra1 Bb5 27. Rc2 Bc4
28. a4 h5 29. Ra3 h4 30. Bd1 Rh7 31. Rh3 Qe8 32. Rcc3 b5 33. a5 Qe7 34. Qb6 d4
35. Rc1 Qxb4 36. Bf3 Qd2 37. Ra1 Qxf4 38. Qd6 d3 39. Rd1 Qe3+ 40. Kh1 Qf2 41.
Qxa6 d2 42. Qd6 0-1

[Event "Central Serbia 1st league"]
[Site "?"]
[Date "2007.??.??"]
[Round "7.5"]
[White "Manic, Jovica"]
[Black "Muratovic, Alija"]
[Result "0-1"]
[WhiteElo "2266"]
[BlackElo "2476"]
[PlyCount "70"]
[EventDate "2007.09.15"]

1. Nf3 Nf6 2. c4 e6 3. e3 d5 4. d4 Be7 5. Nbd2 O-O 6. Qc2 Nbd7 7. b3 c5 8. Bb2
b6 9. Bd3 Bb7 10. O-O Rc8 11. Ne5 h6 12. f4 b5 13. cxb5 cxd4 14. Nc6 Bxc6 15.
bxc6 dxe3 16. Nf3 Nb8 17. Nd4 Qb6 18. Rfc1 Rc7 19. a4 Bb4 20. Bc3 Rfc8 21. Bb5
Ne4 22. a5 Qc5 23. Bb2 Qe7 24. Qe2 Bc5 25. Rc2 Bxd4 26. Bxd4 Nxc6 27. Bxc6 Rxc6
28. Rxc6 Rxc6 29. Qxe3 a6 30. Qd3 Nd6 31. b4 Nb5 32. Bc5 Qf6 33. Rf1 Qc3 34.
Qd1 Qc4 35. h3 Nc3 0-1

[Event "Central Serbia 1st league"]
[Site "?"]
[Date "2007.??.??"]
[Round "7.5"]
[White "Djakovac, Enes"]
[Black "Nikolic, Boban"]
[Result "0-1"]
[WhiteElo "2237"]
[BlackElo "2224"]
[PlyCount "52"]
[EventDate "2007.09.15"]

1. e4 d6 2. d4 Nf6 3. Bd3 e5 4. c3 Nc6 5. Ne2 g6 6. O-O Bg7 7. Bg5 h6 8. Bd2
O-O 9. d5 Ne7 10. c4 Nd7 11. Nbc3 f5 12. b4 f4 13. f3 g5 14. Be1 Rf7 15. Bf2 b6
16. Na4 Bf8 17. c5 Ng6 18. Rc1 Nf6 19. Qb3 g4 20. fxg4 Nxg4 21. Be1 Rg7 22. Kh1
Ne3 23. Rg1 Nh4 24. g3 Nf3 25. Bf2 Nxg1 26. Bxe3 Nxe2 0-1

[Event "Central Serbia 1st league"]
[Site "?"]
[Date "2007.??.??"]
[Round "7.5"]
[White "Rajevic, Gavrilo"]
[Black "Milosavljevic, Milisav"]
[Result "0-1"]
[WhiteElo "2305"]
[BlackElo "2199"]
[PlyCount "70"]
[EventDate "2007.09.15"]

1. e4 c5 2. Nf3 e6 3. d4 cxd4 4. Nxd4 Nf6 5. Nc3 Nc6 6. Ndb5 Bb4 7. a3 Bxc3+ 8.
Nxc3 d5 9. exd5 exd5 10. Bd3 d4 11. Ne2 Bf5 12. O-O Bxd3 13. Qxd3 Qd7 14. Rd1
O-O-O 15. b4 Rhe8 16. Bf4 Nh5 17. Bg3 Nxg3 18. hxg3 g6 19. b5 Ne5 20. Qb3 d3
21. cxd3 Ng4 22. d4 Qf5 23. Nf4 g5 24. b6 a6 25. Rac1+ Kb8 26. Rc5 Qe4 27. Nd3
Rxd4 28. Qxf7 Rdd8 29. Rdc1 Qe6 30. Qf3 h5 31. Rc7 Qxb6 32. Rf7 Qb3 33. Nc5 Qd5
34. Qxd5 Rxd5 35. f3 Rxc5 0-1

[Event "Central Serbia 1st league"]
[Site "?"]
[Date "2007.??.??"]
[Round "7.5"]
[White "Milosavljevic, Zoran"]
[Black "Markovic, Dejan"]
[Result "1/2-1/2"]
[WhiteElo "2185"]
[BlackElo "2309"]
[PlyCount "121"]
[EventDate "2007.09.15"]

1. e4 c6 2. d4 d5 3. exd5 cxd5 4. Bd3 Nc6 5. c3 Nf6 6. Bf4 Bg4 7. Qb3 Qc8 8.
Nd2 e6 9. Ngf3 Be7 10. O-O O-O 11. Rfe1 Bh5 12. a3 Bg6 13. Bxg6 hxg6 14. Re2 a6
15. Rae1 Nh7 16. h4 b5 17. g3 Rd8 18. Kg2 Na5 19. Qc2 Nc4 20. Ne5 Nxe5 21. Bxe5
a5 22. Qd3 b4 23. axb4 axb4 24. c4 dxc4 25. Nxc4 Qc6+ 26. Kg1 Rac8 27. b3 Bf6
28. Qe3 Rd5 29. Ra2 Rcd8 30. Qe4 Bxe5 31. dxe5 Qc5 32. Ra5 Qc7 33. Ra4 Rd4 34.
Qe2 Rd3 35. Rb1 Qc5 36. Kh2 Nf8 37. Ra5 Qd4 38. Rb5 Qc3 39. Kg2 Nd7 40. Rxb4
Rxg3+ 41. fxg3 Qxb4 42. Qd3 Qb7+ 43. Qf3 Rb8 44. Qxb7 Rxb7 45. b4 Rc7 46. Nd6
Nxe5 47. b5 Rd7 48. Ne4 Nc4 49. b6 Rb7 50. Rb4 Ne3+ 51. Kf3 Nd5 52. Rc4 Nxb6
53. Rc6 Rb8 54. Rc7 Nd5 55. Ra7 f6 56. Nc5 Re8 57. Rd7 Nb4 58. Ke4 e5 59. g4
Nc6 60. h5 gxh5 61. gxh5 1/2-1/2

[Event "Central Serbia 1st league"]
[Site "?"]
[Date "2007.??.??"]
[Round "7.5"]
[White "Ignjatovic, Miroslav"]
[Black "Ikic, Alija"]
[Result "1/2-1/2"]
[WhiteElo "1916"]
[BlackElo "2137"]
[PlyCount "165"]
[EventDate "2007.09.15"]

1. d4 Nf6 2. Nf3 g6 3. c4 Bg7 4. Nc3 O-O 5. e4 d6 6. Be2 e5 7. Be3 Qd7 8. O-O
Ng4 9. Bg5 f6 10. Bc1 Nc6 11. d5 Ne7 12. Ne1 f5 13. f3 Nf6 14. Nd3 c5 15. a3 b6
16. b4 f4 17. bxc5 bxc5 18. Bd2 g5 19. Qa4 Qxa4 20. Nxa4 Ba6 21. Nf2 Nd7 22.
Rfb1 Nc8 23. Ba5 h5 24. Nd1 Bf6 25. Ndc3 Rf7 26. Nb5 Ndb6 27. Nb2 Bd8 28. a4
Kf8 29. Bc3 Nd7 30. Nd3 Ke8 31. Nc1 Nf6 32. Nb3 Bb7 33. Ba5 Bb6 34. Bc3 a6 35.
Na3 Kd8 36. Ba5 Kc7 37. Rb2 Bxa5 38. Nxa5 Ra7 39. Rab1 Ba8 40. Rb8 Nd7 41. R8b2
Ndb6 42. Bd1 Nd7 43. Nc2 Ndb6 44. Ne1 Nd7 45. Nd3 Ndb6 46. Nc1 Rg7 47. h3 Rf7
48. Na2 Rg7 49. Nc3 Rf7 50. Be2 Rg7 51. Nb3 Rf7 52. a5 Nd7 53. Bd1 Rb7 54. Nc1
Rxb2 55. Rxb2 Bb7 56. Ba4 Nf6 57. Bd1 Rg7 58. Na4 g4 59. hxg4 hxg4 60. Kf2 Rh7
61. Kg1 Ne7 62. Nd3 Nd7 63. Nb6 Nf6 64. Nf2 gxf3 65. Bxf3 Rg7 66. Kf1 Ng6 67.
Ke2 Nh4 68. Rb1 Nxf3 69. gxf3 Nh5 70. Ng4 Ng3+ 71. Kd3 Rh7 72. Nf6 Rh8 73. Rb2
Nf1 74. Rg2 Ng3 75. Rb2 Nf1 76. Rg2 Ng3 77. Rb2 Nf1 78. Rb1 Ng3 79. Rb2 Nf1 80.
Rg2 Ng3 81. Rb2 Nf1 82. Rb1 Ng3 83. Rb2 1/2-1/2

[Event "Central Serbia 1st league"]
[Site "?"]
[Date "2007.??.??"]
[Round "7.6"]
[White "Misailovic, Nebojsa"]
[Black "Dochev, Dimitar"]
[Result "0-1"]
[WhiteElo "2318"]
[BlackElo "2405"]
[PlyCount "138"]
[EventDate "2007.09.15"]

1. Nf3 Nf6 2. g3 g6 3. Bg2 Bg7 4. O-O O-O 5. d4 d5 6. c4 dxc4 7. Na3 c3 8. bxc3
c5 9. e3 Nc6 10. Qe2 Nd5 11. Bb2 Qa5 12. Rfc1 Bg4 13. h3 Bxf3 14. Bxf3 Nb6 15.
Nc4 Qa6 16. Nxb6 Qxe2 17. Bxe2 axb6 18. a4 Rfd8 19. Rcb1 e6 20. Bc1 cxd4 21.
cxd4 e5 22. dxe5 Nxe5 23. Bb2 Rd2 24. Kf1 Rc8 25. Rc1 Rxc1+ 26. Bxc1 Rc2 27.
Rb1 Ra2 28. Bb5 Nf3 29. Be2 Ng5 30. Bc4 Rxa4 31. Bb3 Ra8 32. Bd5 Nxh3 33. f4 g5
34. Bd2 Rd8 35. Rb5 Bf8 36. Ke1 Bc5 37. Bg2 g4 38. Rb2 h5 39. Kf1 Rd3 40. Ke2
Rd7 41. Ra2 f5 42. Bc3 Ng1+ 43. Kf2 Rd3 44. Bd2 Nf3 45. Bxf3 gxf3 46. Kxf3 Kf7
47. Ke2 Ra3 48. Rb2 Ke6 49. Rb1 Ra2 50. Kd3 Ra3+ 51. Ke2 Kd5 52. Kf3 Rd3 53.
Rb2 Kc6 54. Ke2 Rd7 55. Rb1 Rh7 56. Kf3 b5 57. e4 Rd7 58. Bb4 fxe4+ 59. Ke2 Rd3
60. Bxc5 Kxc5 61. Rh1 Rxg3 62. Rxh5+ Kc4 63. Re5 b4 64. Rxe4+ Kc3 65. Re5 b3
66. Rc5+ Kb4 67. Rc7 b5 68. Kd2 b2 69. Kc2 Rg2+ 0-1

[Event "Central Serbia 1st league"]
[Site "?"]
[Date "2007.??.??"]
[Round "7.6"]
[White "Trifunovic, Miroljub"]
[Black "Lekic, Dusan"]
[Result "1-0"]
[WhiteElo "2270"]
[BlackElo "2360"]
[PlyCount "104"]
[EventDate "2007.09.15"]

1. d4 Nf6 2. Nf3 d5 3. c4 e6 4. g3 Be7 5. Bg2 O-O 6. Qc2 c5 7. dxc5 Qa5+ 8. Nc3
dxc4 9. O-O Nc6 10. Qa4 Qxc5 11. Be3 Qh5 12. Qxc4 Ng4 13. Bf4 e5 14. Bd2 Be6
15. Qa4 Rad8 16. h3 Nf6 17. g4 Bxg4 18. hxg4 Nxg4 19. Rfd1 Nd4 20. Be1 b5 21.
Qxa7 Bb4 22. Kf1 Rfe8 23. Nxd4 exd4 24. Rxd4 Rxd4 25. Qxd4 Qh4 26. Rd1 Bxc3 27.
bxc3 Qg5 28. Qd7 Nf6 29. Qc7 h5 30. Rd8 Rxd8 31. Qxd8+ Kh7 32. Qd3+ Kg8 33. e4
Ng4 34. Bh3 Nf6 35. Bd2 Qh4 36. Bg2 Ng4 37. Qg3 Qd8 38. Ke2 Qc8 39. Bh3 Qc4+
40. Kd1 Qxa2 41. Bxg4 Qb1+ 42. Bc1 hxg4 43. Qxg4 b4 44. Qc8+ Kh7 45. cxb4 Qxb4
46. Qh3+ Kg8 47. Qd3 Qc5 48. Be3 Qh5+ 49. Kc1 Qh1+ 50. Kc2 Qh5 51. f3 Kh7 52.
Qd5 Qh2+ 1-0

[Event "Central Serbia 1st league"]
[Site "?"]
[Date "2007.??.??"]
[Round "7.6"]
[White "Rajkovic, Ljubisa"]
[Black "Djukanovic, Sreten"]
[Result "1/2-1/2"]
[WhiteElo "2189"]
[BlackElo "2329"]
[PlyCount "36"]
[EventDate "2007.09.15"]

1. d4 Nf6 2. Nf3 c5 3. c4 cxd4 4. Nxd4 e5 5. Nb5 d5 6. cxd5 Bc5 7. N5c3 O-O 8.
e3 e4 9. Be2 Qe7 10. a3 Rd8 11. Nd2 a5 12. Qc2 Bf5 13. Nf1 Nbd7 14. Ng3 Bg6 15.
O-O h5 16. Rd1 h4 17. Nf1 Nb6 18. Bd2 Nbxd5 1/2-1/2

[Event "Central Serbia 1st league"]
[Site "?"]
[Date "2007.??.??"]
[Round "7.6"]
[White "Milenkovic, Mladen"]
[Black "Jakovljevic, Zivota"]
[Result "1-0"]
[WhiteElo "2307"]
[BlackElo "2131"]
[PlyCount "82"]
[EventDate "2007.09.15"]

1. e4 e6 2. d4 d5 3. Nc3 Nf6 4. Bg5 Bb4 5. e5 h6 6. Bd2 Bxc3 7. bxc3 Ne4 8. Bd3
Nxd2 9. Qxd2 c5 10. Nf3 Qa5 11. dxc5 Qxc5 12. h4 Bd7 13. Rd1 Qc7 14. Rh3 Nc6
15. Qf4 O-O-O 16. Bb5 g5 17. hxg5 hxg5 18. Qxg5 Rhg8 19. Qf6 Rxg2 20. Kf1 Rgg8
21. Rh7 Be8 22. Bd3 Na5 23. Ng5 Rd7 24. Rh3 Nc4 25. Re1 Nd2+ 26. Ke2 Ne4 27.
Bxe4 dxe4 28. Nxe4 Qc4+ 29. Kf3 Rd8 30. Rg3 Bc6 31. Rxg8 Rxg8 32. Qxf7 Rd8 33.
Kf4 Rh8 34. f3 Qxa2 35. Nd6+ Kb8 36. Rg1 Qa4+ 37. c4 Bd7 38. Rg7 Rd8 39. Qe7
Kc7 40. Nf7 Re8 41. Qd6+ Kc8 1-0

[Event "Central Serbia 1st league"]
[Site "?"]
[Date "2007.??.??"]
[Round "7.6"]
[White "Klcesko, Nebojsa"]
[Black "Civric, Zdravko"]
[Result "0-1"]
[WhiteElo "1887"]
[BlackElo "2190"]
[PlyCount "114"]
[EventDate "2007.09.15"]

1. d4 Nf6 2. Nf3 e6 3. Bg5 b6 4. e3 Bb7 5. Be2 Be7 6. O-O O-O 7. c4 d6 8. Nc3
Nbd7 9. Qc2 c5 10. Rfd1 cxd4 11. Rxd4 a6 12. Rad1 Qc7 13. h3 Rac8 14. Ne1 Rfd8
15. Qb1 Ne5 16. f4 Nc6 17. R4d2 Na5 18. Rd4 Nc6 19. R4d2 Na7 20. e4 b5 21. cxb5
Nxb5 22. Nxb5 axb5 23. Bf3 d5 24. exd5 Nxd5 25. Bxe7 Qxe7 26. f5 Re8 27. Kh1
Ba8 28. Qd3 b4 29. Qd4 e5 30. Qg1 e4 31. Re2 Nf6 32. Qe3 Qb7 33. Bg4 h5 34. Rd6
Qe7 35. Rxf6 Qxf6 36. Bxh5 Red8 37. Bg4 Qd4 38. Qxd4 Rxd4 39. Nc2 Rdc4 40. Ne3
Rc1+ 41. Kh2 Rd8 42. Kg3 Bc6 43. Kf4 Bb5 44. Rf2 Ra1 45. a3 bxa3 46. bxa3 Bd3
47. h4 Rxa3 48. h5 f6 49. Bd1 Rda8 50. Nd5 Kh7 51. Rb2 Ra2 52. Rb7 Kh6 53. g4
Rd2 54. Rb6 Rxd1 55. g5+ Kxh5 56. gxf6 Rf1+ 57. Ke5 gxf6+ 0-1